Catalog

Record Details

Catalog Search



Democracy in black : how race still enslaves the ... Read More

Available copies

  • 1 of 1 copy available at LARL/NWRL Consortium.

Current holds

0 current holds with 1 total copy.

Show Only Available Copies
Location Call Number / Copy Notes Barcode Shelving Location Status Due Date
Thief River Falls Public Library 305.896 GLA (Text) 35500005730609 Main Available -

Record details

  • ISBN: 9780804137416 (hardback)
  • Physical Description: pages cm
  • Publisher: New York : Crown, 2016.

Content descriptions

Bibliography, etc. Note:
Includes bibliographical references and index.
Summary, etc.:
"A powerful polemic on the state of black America ... Read More
"A polemic on the state of black America that ... Read More
Subject: African Americans > Social conditions > 21st century.
African Americans > Economic conditions > 21st century.
Racism > United States > History > 21st century.
Race discrimination > United States > History > 21st century.
United States > Race relations > 21st century.
SOCIAL SCIENCE / Ethnic Studies / African American Studies.
SOCIAL SCIENCE / Discrimination & Race Relations.
HISTORY / United States / 21st Century.
LDR 03347cam a22004458i 4500
001198295
003LARL_NWRL_CONSORTIUM
00520160113155349.0
008151001s2016 nyu b 001 0deng
020 . ‡a9780804137416 (hardback)
042 . ‡apcc
043 . ‡an-us---
08200. ‡a305.896/0730905 ‡223
084 . ‡aSOC001000 ‡aSOC031000 ‡aHIS036070 ‡2bisacsh
1001 . ‡aGlaude, Eddie S., ‡cJr., ‡d1968-
24510. ‡aDemocracy in black : ‡bhow race still enslaves the American soul / ‡cEddie S. Glaude, Jr.
264 1. ‡aNew York : ‡bCrown, ‡c2016.
300 . ‡apages cm
336 . ‡atext ‡2rdacontent
337 . ‡aunmediated ‡2rdamedia
338 . ‡avolume ‡2rdacarrier
520 . ‡a"A powerful polemic on the state of black America that savages the idea of a post-racial society America's great promise of equality has always rung hollow in the ears of African Americans. But today the situation has grown even more dire. From the murders of black youth by the police, to the dismantling of the Voting Rights Act, to the disaster visited upon poor and middle-class black families by the Great Recession, it is clear that black America faces an emergency--at the very moment the election of the first black president has prompted many to believe we've solved America's race problem. Democracy in Black is Eddie S. Glaude Jr.'s impassioned response. Part manifesto, part history, part memoir, it argues that we live in a country founded on a "value gap"--with white lives valued more than others--that still distorts our politics today. Whether discussing why all Americans have racial habits that reinforce inequality, why black politics based on the civil-rights era have reached a dead end, or why only remaking democracy from the ground up can bring real change, Glaude crystallizes the untenable position of black America--and offers thoughts on a better way forward. Forceful in ideas and unsettling in its candor, Democracy In Black is a landmark book on race in America, one that promises to spark wide discussion as we move toward the end of our first black presidency"-- ‡cProvided by publisher.
520 . ‡a"A polemic on the state of black America that argues that we don't yet live in a post-racial society"-- ‡cProvided by publisher.
504 . ‡aIncludes bibliographical references and index.
650 0. ‡aAfrican Americans ‡xSocial conditions ‡y21st century.
650 0. ‡aAfrican Americans ‡xEconomic conditions ‡y21st century.
650 0. ‡aRacism ‡zUnited States ‡xHistory ‡y21st century.
650 0. ‡aRace discrimination ‡zUnited States ‡xHistory ‡y21st century.
651 0. ‡aUnited States ‡xRace relations ‡y21st century.
650 7. ‡aSOCIAL SCIENCE / Ethnic Studies / African American Studies. ‡2bisacsh
650 7. ‡aSOCIAL SCIENCE / Discrimination & Race Relations. ‡2bisacsh
650 7. ‡aHISTORY / United States / 21st Century. ‡2bisacsh
901 . ‡a198295 ‡b ‡c198295 ‡tbiblio

Additional Resources